<?xml version="1.0" encoding="UTF-8"?>
<collection xmlns="http://www.loc.gov/MARC21/slim">
 <record>
  <leader>00684cam a2200181 7i4500</leader>
  <controlfield tag="001">0000000283</controlfield>
  <controlfield tag="005">20021017090000.0</controlfield>
  <datafield tag="020" ind1="0" ind2="0">
   <subfield code="a">1840131705 </subfield>
  </datafield>
  <datafield tag="090" ind1="0" ind2="0">
   <subfield code="a">QL 541 </subfield>
   <subfield code="b">F44 1998</subfield>
  </datafield>
  <datafield tag="100" ind1="0" ind2="0">
   <subfield code="a">Feltwell </subfield>
  </datafield>
  <datafield tag="245" ind1="0" ind2="0">
   <subfield code="a">The illustrated encyclopedia of butterflies  </subfield>
   <subfield code="c">John Feltwell.</subfield>
  </datafield>
  <datafield tag="260" ind1="0" ind2="0">
   <subfield code="a">Hoo, nr. Rochester, Kent, Eng.: </subfield>
   <subfield code="b">Grange Book, </subfield>
   <subfield code="c">1998, c1993.</subfield>
  </datafield>
  <datafield tag="300" ind1="#" ind2="#">
   <subfield code="a">288 p.: </subfield>
   <subfield code="b">col. ill.; </subfield>
   <subfield code="c">29 cm.</subfield>
  </datafield>
  <datafield tag="500" ind1="0" ind2="0">
   <subfield code="a">Originally published in 1993 under title:  Encyclopedia of butterflies.</subfield>
  </datafield>
  <datafield tag="504" ind1="0" ind2="0">
   <subfield code="a">Includes bibliographical references (p.          ) and index.</subfield>
  </datafield>
  <datafield tag="650" ind1="0" ind2="0">
   <subfield code="a">Butterfli -- </subfield>
   <subfield code="x">Encyclopedias. </subfield>
  </datafield>
  <datafield tag="650" ind1="0" ind2="0">
   <subfield code="a">Butterfli -- </subfield>
   <subfield code="x">Identification. </subfield>
  </datafield>
  <datafield tag="999" ind1=" " ind2=" ">
   <subfield code="a">1000404129</subfield>
   <subfield code="b">Book</subfield>
   <subfield code="c">Rujukan</subfield>
   <subfield code="e">STACKROOM 2</subfield>
  </datafield>
 </record>
</collection>
